[Event "DVM U20 2023"]
[Site "Magdeburg GER"]
[Date "2023.12.28"]
[Round "4"]
[White "Mehner, Lorenz"]
[Black "Poggemann, Alexander"]
[Result "0-1"]
[Termination "normal"]
[Board "6.4"]
[WhiteElo "1825"]
[BlackElo "1750"]
[WhiteTeam "USG Chemnitz"]
[BlackTeam "SV Hemer 1932"]
[PlyCount "66"]
[WhiteFideId "16293096"]
[BlackFideId "16224167"]
[EventCountry "GER"]
[EventRounds "7"]
[EventType "team-swiss"]
[EventDate "2023.12.26"]

1. d4 {[%emt 00:01:22]} Nf6 {[%emt 00:00:13]} 2. c4 {[%emt 00:00:09]} g6 {[%emt
00:00:21]} 3. f3 {[%emt 00:00:09]} d5 {[%emt 00:00:36]} 4. cxd5 {[%emt
00:00:40]} Nxd5 {[%emt 00:00:18]} 5. e4 {[%emt 00:00:20]} Nb6 {[%emt 00:00:17]}
6. Nc3 {[%emt 00:00:29]} Bg7 {[%emt 00:01:54]} 7. Be3 {[%emt 00:02:46]} O-O
{[%emt 00:01:27]} 8. Qd2 {[%emt 00:01:43]} Nc6 {[%emt 00:04:27]} 9. O-O-O
{[%emt 00:02:50]} a6 {[%emt 00:05:09]} 10. h4 {[%emt 00:13:35]} Qd6 {[%emt
00:10:13]} 11. e5 {[%emt 00:17:43]} Qb4 {[%emt 00:02:19]} 12. h5 {[%emt
00:05:53]} Rd8 {[%emt 00:06:57]} 13. Qf2 {[%emt 00:09:40]} Na4 {[%emt
00:15:28]} 14. Nxa4 {[%emt 00:20:11]} Qxa4 {[%emt 00:00:11]} 15. b3 {[%emt
00:02:17]} Qa3+ {[%emt 00:01:49]} 16. Kb1 {[%emt 00:00:28]} Bxe5 {[%emt
00:09:07]} 17. hxg6 {[%emt 00:06:52]} hxg6 {[%emt 00:08:44]} 18. g4 {[%emt
00:06:55]} Be6 {[%emt 00:14:06]} 19. Rd2 {[%emt 00:02:25]} Bg7 {[%emt
00:05:45]} 20. Ne2 {[%emt 00:02:01]} Nb4 {[%emt 00:03:08]} 21. Nc1 {[%emt
00:01:05]} a5 {[%emt 00:03:31]} 22. Bh6 {[%emt 00:01:37]} Bf6 {[%emt 00:01:32]}
23. Bc4 {[%emt 00:00:49]} Bxc4 {[%emt 00:01:33]} 24. bxc4 {[%emt 00:00:01]} Ra6
{[%emt 00:00:43]} 25. Be3 {[%emt 00:01:11]} Rb6 {[%emt 00:01:01]} 26. Rb2
{[%emt 00:00:37]} Nd3 {[%emt 00:01:06]} 27. Nxd3 {[%emt 00:00:11]} Qxd3+ {[%emt
00:00:06]} 28. Ka1 {[%emt 00:00:54]} Rxb2 {[%emt 00:00:39]} 29. Kxb2 {[%emt
00:00:23]} Rxd4 {[%emt 00:00:49]} 30. g5 {[%emt 00:00:41]} Rxc4+ {[%emt
00:00:28]} 31. gxf6 {[%emt 00:00:36]} Qc3+ {[%emt 00:00:12]} 32. Kb1 {[%emt
00:00:06]} Rb4+ {[%emt 00:00:05]} 33. Qb2 {[%emt 00:00:21]} Qxb2# {[%emt
00:00:07]} 0-1

[Event "DVM U20 2023"]
[Site "Magdeburg GER"]
[Date "2023.12.28"]
[Round "4"]
[White "Jagodzinsky, Lukas"]
[Black "Sayouf, Rafif"]
[Result "1/2-1/2"]
[Termination "normal"]
[Board "6.5"]
[WhiteElo "1449"]
[BlackElo "1346"]
[WhiteClock "00:12:58"]
[BlackClock "00:29:15"]
[WhiteTeam "SV Hemer 1932"]
[BlackTeam "USG Chemnitz"]
[PlyCount "94"]
[WhiteFideId "16233255"]
[BlackFideId "34630333"]
[EventCountry "GER"]
[EventRounds "7"]
[EventType "team-swiss"]
[EventDate "2023.12.26"]

1. d4 {[%clk 01:30:53]} {[%emt 00:00:07]} d5 {[%clk 01:30:53]} {[%emt
00:00:06]} 2. c4 {[%clk 01:31:19]} {[%emt 00:00:04]} e6 {[%clk 01:31:11]}
{[%emt 00:00:11]} 3. Nc3 {[%clk 01:31:44]} {[%emt 00:00:05]} Nf6 {[%clk
01:31:11]} {[%emt 00:00:29]} 4. cxd5 {[%clk 01:32:09]} {[%emt 00:00:06]} Nxd5
{[%clk 01:31:16]} {[%emt 00:00:24]} 5. e4 {[%clk 01:32:27]} {[%emt 00:00:13]}
Nf6 {[%clk 01:29:23]} {[%emt 00:02:23]} 6. Nf3 {[%clk 01:31:12]} {[%emt
00:01:43]} Bb4 {[%clk 01:29:25]} {[%emt 00:00:29]} 7. Bd3 {[%clk 01:28:40]}
{[%emt 00:03:01]} O-O {[%clk 01:27:28]} {[%emt 00:02:27]} 8. O-O {[%clk
01:28:40]} {[%emt 00:00:30]} Nc6 {[%clk 01:25:48]} {[%emt 00:02:11]} 9. e5
{[%clk 01:25:37]} {[%emt 00:03:33]} Nd5 {[%clk 01:25:05]} {[%emt 00:01:13]} 10.
Bxh7+ {[%clk 01:20:50]} {[%emt 00:05:17]} Kh8 {[%clk 01:22:51]} {[%emt
00:02:44]} 11. Nxd5 {[%clk 01:18:40]} {[%emt 00:02:40]} exd5 {[%clk 01:21:00]}
{[%emt 00:02:22]} 12. Bc2 {[%clk 01:18:34]} {[%emt 00:00:33]} Bg4 {[%clk
01:20:52]} {[%emt 00:00:41]} 13. Qd3 {[%clk 01:16:06]} {[%emt 00:02:56]} g6
{[%clk 01:20:47]} {[%emt 00:00:37]} 14. Be3 {[%clk 01:13:24]} {[%emt 00:03:12]}
Bxf3 {[%clk 01:20:37]} {[%emt 00:00:40]} 15. gxf3 {[%clk 01:13:10]} {[%emt
00:00:43]} Kg7 {[%clk 01:20:04]} {[%emt 00:01:04]} 16. Kg2 {[%clk 01:11:35]}
{[%emt 00:02:04]} Rh8 {[%clk 01:14:57]} {[%emt 00:05:36]} 17. Rh1 {[%clk
01:11:12]} {[%emt 00:00:53]} Qe7 {[%clk 01:10:15]} {[%emt 00:05:13]} 18. Kf1
{[%clk 01:10:31]} {[%emt 00:01:10]} Rh3 {[%clk 01:09:25]} {[%emt 00:01:20]} 19.
Ke2 {[%clk 01:10:02]} {[%emt 00:01:00]} Rah8 {[%clk 01:09:32]} {[%emt
00:00:23]} 20. Rag1 {[%clk 01:04:36]} {[%emt 00:05:55]} Rxh2 {[%clk 00:57:43]}
{[%emt 00:12:20]} 21. Rxh2 {[%clk 01:03:29]} {[%emt 00:01:36]} Rxh2 {[%clk
00:54:23]} {[%emt 00:03:51]} 22. Qb5 {[%clk 01:00:09]} {[%emt 00:03:38]} Qe6
{[%clk 00:48:15]} {[%emt 00:06:50]} 23. Bb3 {[%clk 00:58:40]} {[%emt 00:01:59]}
Ba5 {[%clk 00:40:06]} {[%emt 00:08:39]} 24. Bxd5 {[%clk 00:53:56]} {[%emt
00:05:14]} a6 {[%clk 00:36:24]} {[%emt 00:04:12]} 25. Qxc6 {[%clk 00:51:55]}
{[%emt 00:02:31]} bxc6 {[%clk 00:34:52]} {[%emt 00:02:02]} 26. Bxe6 {[%clk
00:52:12]} {[%emt 00:00:12]} fxe6 {[%clk 00:35:11]} {[%emt 00:00:12]} 27. Rc1
{[%clk 00:52:25]} {[%emt 00:00:17]} c5 {[%clk 00:35:27]} {[%emt 00:00:14]} 28.
Rxc5 {[%clk 00:52:24]} {[%emt 00:00:29]} Bb6 {[%clk 00:35:41]} {[%emt
00:00:17]} 29. Rc6 {[%clk 00:51:16]} {[%emt 00:01:37]} Kf7 {[%clk 00:36:02]}
{[%emt 00:00:09]} 30. b4 {[%clk 00:50:40]} {[%emt 00:01:07]} Rh1 {[%clk
00:36:00]} {[%emt 00:00:32]} 31. Rc1 {[%clk 00:50:02]} {[%emt 00:01:09]} Rxc1
{[%clk 00:36:10]} {[%emt 00:00:20]} 32. Bxc1 {[%clk 00:49:17]} {[%emt
00:01:14]} Bxd4 {[%clk 00:36:39]} {[%emt 00:00:02]} 33. Bf4 {[%clk 00:49:10]}
{[%emt 00:00:36]} Bc3 {[%clk 00:36:59]} {[%emt 00:00:10]} 34. a3 {[%clk
00:49:18]} {[%emt 00:00:24]} Bb2 {[%clk 00:37:13]} {[%emt 00:00:16]} 35. a4
{[%clk 00:49:37]} {[%emt 00:00:10]} Bc3 {[%clk 00:36:39]} {[%emt 00:01:03]} 36.
b5 {[%clk 00:49:50]} {[%emt 00:00:18]} axb5 {[%clk 00:37:07]} {[%emt 00:00:02]}
37. axb5 {[%clk 00:50:10]} {[%emt 00:00:09]} Ke7 {[%clk 00:37:05]} {[%emt
00:00:31]} 38. Kd3 {[%clk 00:50:18]} {[%emt 00:00:23]} Bb2 {[%clk 00:36:20]}
{[%emt 00:01:15]} 39. Kc4 {[%clk 00:49:43]} {[%emt 00:01:05]} Kd7 {[%clk
00:36:30]} {[%emt 00:00:20]} 40. Bg3 {[%clk 00:46:13]} {[%emt 00:03:59]} Kc8
{[%clk 00:35:53]} {[%emt 00:01:07]} 41. Kc5 {[%clk 00:24:19]} {[%emt 00:22:26]}
Kb7 {[%clk 00:35:54]} {[%emt 00:00:28]} 42. Bf4 {[%clk 00:17:01]} {[%emt
00:07:47]} Ba3+ {[%clk 00:33:09]} {[%emt 00:03:15]} 43. Kc4 {[%clk 00:16:52]}
{[%emt 00:00:40]} Kc8 {[%clk 00:31:41]} {[%emt 00:01:58]} 44. Kb3 {[%clk
00:15:19]} {[%emt 00:02:03]} Bc5 {[%clk 00:32:00]} {[%emt 00:00:09]} 45. Be3
{[%clk 00:14:39]} {[%emt 00:01:10]} Bf8 {[%clk 00:31:32]} {[%emt 00:00:57]} 46.
Kc4 {[%clk 00:14:00]} {[%emt 00:01:12]} Kb7 {[%clk 00:29:34]} {[%emt 00:02:28]}
47. Bd4 {[%clk 00:12:58]} {[%emt 00:01:31]} Bh6 {[%clk 00:29:15]} {[%emt
00:00:48]} 1/2-1/2

[Event "DVM U20 2023"]
[Site "Magdeburg GER"]
[Date "2023.12.28"]
[Round "4"]
[White "Finck, Jonathan"]
[Black "Senel, Serdar"]
[Result "1/2-1/2"]
[Termination "normal"]
[Board "6.6"]
[WhiteElo "1520"]
[BlackElo "1019"]
[WhiteClock "00:29:53"]
[BlackClock "00:25:48"]
[WhiteTeam "USG Chemnitz"]
[BlackTeam "SV Hemer 1932"]
[PlyCount "85"]
[WhiteFideId "34630155"]
[BlackFideId "34608796"]
[EventCountry "GER"]
[EventRounds "7"]
[EventType "team-swiss"]
[EventDate "2023.12.26"]

1. e4 {[%clk 01:30:29]} {[%emt 00:00:03]} e5 {[%clk 01:30:30]} {[%emt
00:00:06]} 2. Nf3 {[%clk 01:30:29]} {[%emt 00:00:05]} Nc6 {[%clk 01:30:30]}
{[%emt 00:00:06]} 3. Bc4 {[%clk 01:30:29]} {[%emt 00:00:07]} Bc5 {[%clk
01:30:30]} {[%emt 00:00:25]} 4. d3 {[%clk 01:30:29]} {[%emt 00:00:48]} Nf6
{[%clk 01:30:30]} {[%emt 00:00:27]} 5. Bg5 {[%clk 01:30:29]} {[%emt 00:01:00]}
d6 {[%clk 01:30:30]} {[%emt 00:00:49]} 6. h3 {[%clk 01:30:29]} {[%emt
00:00:29]} Na5 {[%clk 01:30:30]} {[%emt 00:00:41]} 7. Bb3 {[%clk 01:30:05]}
{[%emt 00:01:34]} O-O {[%clk 01:30:29]} {[%emt 00:00:32]} 8. Nbd2 {[%clk
01:29:11]} {[%emt 00:01:24]} h6 {[%clk 01:30:08]} {[%emt 00:00:52]} 9. Bh4
{[%clk 01:28:59]} {[%emt 00:00:41]} Be6 {[%clk 01:28:18]} {[%emt 00:02:20]} 10.
Bxe6 {[%clk 01:28:21]} {[%emt 00:01:08]} fxe6 {[%clk 01:28:37]} {[%emt
00:00:12]} 11. a3 {[%clk 01:27:49]} {[%emt 00:01:00]} Nc6 {[%clk 01:28:37]}
{[%emt 00:00:31]} 12. g4 {[%clk 01:21:08]} {[%emt 00:07:11]} Qe8 {[%clk
01:23:56]} {[%emt 00:05:11]} 13. g5 {[%clk 01:13:36]} {[%emt 00:08:02]} hxg5
{[%clk 01:20:06]} {[%emt 00:04:21]} 14. Bxg5 {[%clk 01:13:00]} {[%emt
00:01:04]} Nd4 {[%clk 01:19:04]} {[%emt 00:01:32]} 15. Be3 {[%clk 00:57:30]}
{[%emt 00:16:00]} Nxf3+ {[%clk 01:00:00]} {[%emt 00:19:32]} 16. Qxf3 {[%clk
00:56:01]} {[%emt 00:02:01]} Bxe3 {[%clk 00:58:15]} {[%emt 00:02:15]} 17. Qxe3
{[%clk 00:55:49]} {[%emt 00:00:42]} Qh5 {[%clk 00:56:29]} {[%emt 00:02:17]} 18.
Qg3 {[%clk 00:52:24]} {[%emt 00:03:54]} Rf7 {[%clk 00:54:50]} {[%emt 00:02:10]}
19. f3 {[%clk 00:51:54]} {[%emt 00:00:57]} Qh6 {[%clk 00:52:39]} {[%emt
00:02:44]} 20. O-O-O {[%clk 00:51:51]} {[%emt 00:00:33]} Nh5 {[%clk 00:52:10]}
{[%emt 00:01:00]} 21. Qf2 {[%clk 00:50:40]} {[%emt 00:02:21]} Raf8 {[%clk
00:42:32]} {[%emt 00:10:26]} 22. Kb1 {[%clk 00:50:24]} {[%emt 00:00:46]} c5
{[%clk 00:41:05]} {[%emt 00:01:56]} 23. Rh2 {[%clk 00:46:20]} {[%emt 00:04:30]}
Rf4 {[%clk 00:36:53]} {[%emt 00:04:47]} 24. Rg1 {[%clk 00:38:04]} {[%emt
00:08:44]} Nf6 {[%clk 00:34:11]} {[%emt 00:03:13]} 25. Qg3 {[%clk 00:31:19]}
{[%emt 00:07:09]} Rf7 {[%clk 00:27:57]} {[%emt 00:06:49]} 26. h4 {[%clk
00:25:11]} {[%emt 00:06:36]} Kh7 {[%clk 00:24:25]} {[%emt 00:04:05]} 27. Nc4
{[%clk 00:16:30]} {[%emt 00:09:11]} Rd7 {[%emt 00:02:11]} 28. Ne3 {[%clk
00:12:25]} {[%emt 00:04:30]} Qh5 {[%clk 00:19:00]} {[%emt 00:04:19]} 29. Ng4
{[%clk 00:10:58]} {[%emt 00:01:55]} Rf7 {[%clk 00:16:31]} {[%emt 00:03:01]} 30.
Nxf6+ {[%clk 00:10:44]} {[%emt 00:00:43]} R4xf6 {[%clk 00:16:19]} {[%emt
00:00:43]} 31. Qg4 {[%clk 00:08:28]} {[%emt 00:02:44]} g6 {[%clk 00:12:43]}
{[%emt 00:04:07]} 32. Rh3 {[%clk 00:06:29]} {[%emt 00:02:27]} Re7 {[%clk
00:06:51]} {[%emt 00:06:24]} 33. Qg5 {[%clk 00:03:20]} {[%emt 00:03:37]} Ref7
{[%clk 00:03:23]} {[%emt 00:04:00]} 34. Qg4 {[%clk 00:01:36]} {[%emt 00:02:12]}
b6 {[%clk 00:01:58]} {[%emt 00:01:57]} 35. Rhg3 {[%clk 00:01:06]} {[%emt
00:00:59]} b5 {[%clk 00:01:29]} {[%emt 00:01:00]} 36. R1g2 {[%clk 00:00:36]}
{[%emt 00:01:00]} a5 {[%clk 00:01:25]} {[%emt 00:00:35]} 37. b3 {[%clk
00:00:41]} {[%emt 00:00:24]} b4 {[%clk 00:01:01]} {[%emt 00:00:54]} 38. a4
{[%clk 00:00:55]} {[%emt 00:00:16]} d5 {[%clk 00:01:09]} {[%emt 00:00:23]} 39.
exd5 {[%clk 00:00:39]} {[%emt 00:00:45]} exd5 {[%clk 00:01:29]} {[%emt
00:00:10]} 40. Qxh5+ {[%clk 00:00:34]} {[%emt 00:00:36]} gxh5 {[%clk 00:01:43]}
{[%emt 00:00:16]} 41. Rg5 {[%clk 00:00:36]} {[%emt 00:00:29]} Rf5 {[%clk
00:01:49]} {[%emt 00:00:25]} 42. Kc1 {[%clk 00:00:46]} {[%emt 00:00:20]} R7f6
{[%clk 00:25:48]} {[%emt 00:06:29]} 43. Rf2 {[%clk 00:29:53]} {[%emt 00:00:55]}
1/2-1/2

[Event "DVM U20 2023"]
[Site "Magdeburg GER"]
[Date "2023.12.28"]
[Round "4"]
[White "Helmsdorf, Marius"]
[Black "Geltz, Noah"]
[Result "0-1"]
[Termination "normal"]
[Board "7.1"]
[WhiteElo "1891"]
[BlackElo "2166"]
[WhiteClock "00:00:45"]
[BlackClock "00:03:49"]
[WhiteTeam "ESV Gera"]
[BlackTeam "SF HN-Biberach 1978"]
[PlyCount "82"]
[WhiteFideId "16274873"]
[BlackFideId "16224256"]
[EventCountry "GER"]
[EventRounds "7"]
[EventType "team-swiss"]
[EventDate "2023.12.26"]

1. d4 {[%clk 01:30:56]} {[%emt 00:00:03]} d5 {[%clk 01:30:44]} {[%emt
00:00:17]} 2. Nc3 {[%clk 01:31:23]} {[%emt 00:00:04]} Nf6 {[%clk 01:31:05]}
{[%emt 00:00:09]} 3. Bf4 {[%clk 01:31:50]} {[%emt 00:00:04]} e6 {[%clk
01:31:26]} {[%emt 00:00:09]} 4. e3 {[%clk 01:32:17]} {[%emt 00:00:04]} Bb4
{[%clk 01:31:50]} {[%emt 00:00:05]} 5. h4 {[%clk 01:32:37]} {[%emt 00:00:09]}
c5 {[%clk 01:28:12]} {[%emt 00:04:09]} 6. Nge2 {[%clk 01:32:46]} {[%emt
00:00:22]} b6 {[%clk 01:14:29]} {[%emt 00:14:14]} 7. a3 {[%clk 01:29:07]}
{[%emt 00:04:09]} Ba5 {[%clk 01:14:54]} {[%emt 00:00:05]} 8. h5 {[%clk
01:28:49]} {[%emt 00:00:48]} h6 {[%clk 01:13:55]} {[%emt 00:01:29]} 9. f3
{[%clk 01:28:37]} {[%emt 00:00:42]} Ba6 {[%clk 01:05:34]} {[%emt 00:08:50]} 10.
g4 {[%clk 01:27:52]} {[%emt 00:01:15]} Nc6 {[%clk 00:58:42]} {[%emt 00:07:23]}
11. Kf2 {[%clk 01:27:13]} {[%emt 00:01:08]} Qe7 {[%clk 00:52:38]} {[%emt
00:06:33]} 12. Ng3 {[%clk 01:04:57]} {[%emt 00:22:47]} Bxf1 {[%clk 00:52:15]}
{[%emt 00:00:52]} 13. Rxf1 {[%clk 01:03:21]} {[%emt 00:02:07]} cxd4 {[%clk
00:50:51]} {[%emt 00:01:55]} 14. exd4 {[%clk 01:03:23]} {[%emt 00:00:28]} Bxc3
{[%clk 00:50:47]} {[%emt 00:00:33]} 15. bxc3 {[%clk 01:03:38]} {[%emt
00:00:15]} O-O-O {[%clk 00:50:33]} {[%emt 00:00:44]} 16. Qe2 {[%clk 00:58:23]}
{[%emt 00:05:46]} Kb7 {[%clk 00:48:24]} {[%emt 00:02:39]} 17. a4 {[%clk
00:55:25]} {[%emt 00:03:28]} Na5 {[%clk 00:47:44]} {[%emt 00:01:10]} 18. Rfb1
{[%clk 00:50:59]} {[%emt 00:04:54]} Qd7 {[%clk 00:42:57]} {[%emt 00:05:17]} 19.
Rb5 {[%clk 00:46:45]} {[%emt 00:04:45]} Qc6 {[%clk 00:41:34]} {[%emt 00:01:52]}
20. Qe1 {[%clk 00:44:44]} {[%emt 00:02:32]} Rc8 {[%clk 00:38:38]} {[%emt
00:03:26]} 21. Ne2 {[%clk 00:44:37]} {[%emt 00:00:36]} Ka8 {[%clk 00:37:19]}
{[%emt 00:01:50]} 22. Qb1 {[%clk 00:41:15]} {[%emt 00:03:51]} Ne8 {[%clk
00:34:10]} {[%emt 00:03:39]} 23. Rb4 {[%clk 00:35:44]} {[%emt 00:06:02]} Nd6
{[%clk 00:30:34]} {[%emt 00:04:06]} 24. Qg1 {[%clk 00:27:44]} {[%emt 00:08:30]}
f6 {[%clk 00:24:51]} {[%emt 00:06:13]} 25. Ra2 {[%clk 00:21:45]} {[%emt
00:06:29]} Nf7 {[%clk 00:23:02]} {[%emt 00:02:18]} 26. Bg3 {[%clk 00:20:00]}
{[%emt 00:02:16]} Ng5 {[%clk 00:20:51]} {[%emt 00:02:41]} 27. Kg2 {[%clk
00:19:48]} {[%emt 00:00:42]} Nc4 {[%clk 00:19:38]} {[%emt 00:01:43]} 28. Bf4
{[%clk 00:16:24]} {[%emt 00:03:54]} Nf7 {[%clk 00:19:06]} {[%emt 00:01:02]} 29.
Bg3 {[%clk 00:14:07]} {[%emt 00:02:48]} Rhe8 {[%clk 00:18:22]} {[%emt
00:01:13]} 30. Rb1 {[%clk 00:13:41]} {[%emt 00:00:56]} Nd2 {[%clk 00:16:55]}
{[%emt 00:01:57]} 31. Rd1 {[%clk 00:13:30]} {[%emt 00:00:41]} Qc4 {[%clk
00:16:56]} {[%emt 00:00:29]} 32. Nc1 {[%clk 00:11:21]} {[%emt 00:02:39]} Nb1
{[%clk 00:15:47]} {[%emt 00:01:38]} 33. Be1 {[%clk 00:10:10]} {[%emt 00:01:42]}
Nxc3 {[%clk 00:15:32]} {[%emt 00:00:46]} 34. Bxc3 {[%clk 00:10:33]} {[%emt
00:00:06]} Qxc3 {[%clk 00:15:57]} {[%emt 00:00:05]} 35. Nb3 {[%clk 00:07:59]}
{[%emt 00:03:04]} e5 {[%clk 00:12:44]} {[%emt 00:03:43]} 36. dxe5 {[%clk
00:06:32]} {[%emt 00:01:56]} Nxe5 {[%clk 00:11:19]} {[%emt 00:01:56]} 37. Nd4
{[%clk 00:04:47]} {[%emt 00:02:14]} Nc6 {[%clk 00:03:54]} {[%emt 00:07:55]} 38.
Nf5 {[%clk 00:02:04]} {[%emt 00:03:14]} Re2+ {[%clk 00:04:10]} {[%emt
00:00:14]} 39. Kg3 {[%clk 00:02:19]} {[%emt 00:00:15]} Nb4 {[%clk 00:03:28]}
{[%emt 00:01:13]} 40. Nd4 {[%clk 00:00:48]} {[%emt 00:02:01]} Nxa2 {[%clk
00:03:25]} {[%emt 00:00:32]} 41. Nxe2 {[%clk 00:00:45]} {[%emt 00:00:33]} Qe5+
{[%clk 00:03:49]} {[%emt 00:00:07]} 0-1

[Event "DVM U20 2023"]
[Site "Magdeburg GER"]
[Date "2023.12.28"]
[Round "4"]
[White "Frank, Marek"]
[Black "Späth, René"]
[Result "1/2-1/2"]
[Termination "normal"]
[Board "7.3"]
[WhiteElo "1596"]
[BlackElo "1588"]
[WhiteClock "00:06:32"]
[BlackClock "00:17:57"]
[WhiteTeam "ESV Gera"]
[BlackTeam "SF HN-Biberach 1978"]
[PlyCount "97"]
[WhiteFideId "16239520"]
[BlackFideId "16224272"]
[EventCountry "GER"]
[EventRounds "7"]
[EventType "team-swiss"]
[EventDate "2023.12.26"]

1. e4 {[%clk 01:30:57]} {[%emt 00:00:03]} e6 {[%clk 01:30:55]} {[%emt
00:00:06]} 2. d4 {[%clk 01:31:22]} {[%emt 00:00:05]} d5 {[%clk 01:31:20]}
{[%emt 00:00:04]} 3. Nd2 {[%clk 01:31:47]} {[%emt 00:00:05]} c5 {[%clk
01:30:26]} {[%emt 00:01:24]} 4. Ngf3 {[%clk 01:32:04]} {[%emt 00:00:14]} Nc6
{[%clk 01:30:16]} {[%emt 00:00:39]} 5. c3 {[%clk 01:26:57]} {[%emt 00:05:37]}
a6 {[%clk 01:25:21]} {[%emt 00:05:25]} 6. e5 {[%clk 01:23:30]} {[%emt
00:03:58]} Nge7 {[%clk 01:19:38]} {[%emt 00:06:13]} 7. Be2 {[%clk 01:17:48]}
{[%emt 00:06:10]} Qc7 {[%clk 01:13:33]} {[%emt 00:06:36]} 8. Nf1 {[%clk
01:13:08]} {[%emt 00:05:09]} Bd7 {[%clk 01:09:53]} {[%emt 00:04:11]} 9. Ng3
{[%clk 01:09:18]} {[%emt 00:04:20]} cxd4 {[%clk 01:05:38]} {[%emt 00:04:44]}
10. cxd4 {[%clk 01:09:10]} {[%emt 00:00:38]} Nf5 {[%clk 01:04:11]} {[%emt
00:01:57]} 11. O-O {[%clk 01:05:17]} {[%emt 00:04:24]} h6 {[%clk 01:00:29]}
{[%emt 00:04:12]} 12. Be3 {[%clk 01:00:42]} {[%emt 00:05:05]} Be7 {[%clk
00:57:32]} {[%emt 00:03:28]} 13. a3 {[%clk 00:56:37]} {[%emt 00:04:34]} O-O
{[%clk 00:56:54]} {[%emt 00:01:08]} 14. Rc1 {[%clk 00:55:42]} {[%emt 00:01:25]}
Rac8 {[%clk 00:56:12]} {[%emt 00:01:12]} 15. Bd3 {[%clk 00:54:58]} {[%emt
00:01:15]} f6 {[%clk 00:51:12]} {[%emt 00:05:30]} 16. Nxf5 {[%clk 00:51:40]}
{[%emt 00:03:48]} exf5 {[%clk 00:51:14]} {[%emt 00:00:28]} 17. Qc2 {[%clk
00:51:54]} {[%emt 00:00:15]} Qb8 {[%clk 00:51:14]} {[%emt 00:00:30]} 18. Qb3
{[%clk 00:49:57]} {[%emt 00:02:26]} Be6 {[%clk 00:48:46]} {[%emt 00:02:59]} 19.
Bf4 {[%clk 00:45:27]} {[%emt 00:05:00]} g5 {[%clk 00:43:41]} {[%emt 00:05:36]}
20. exf6 {[%clk 00:43:40]} {[%emt 00:02:17]} Qxf4 {[%clk 00:43:52]} {[%emt
00:00:19]} 21. fxe7 {[%clk 00:43:52]} {[%emt 00:00:18]} Nxe7 {[%clk 00:44:10]}
{[%emt 00:00:13]} 22. Rce1 {[%clk 00:43:13]} {[%emt 00:01:08]} Qd6 {[%clk
00:39:50]} {[%emt 00:04:50]} 23. Qxb7 {[%clk 00:36:58]} {[%emt 00:06:45]} Rc6
{[%clk 00:38:58]} {[%emt 00:01:23]} 24. Rc1 {[%clk 00:30:21]} {[%emt 00:07:06]}
Rb8 {[%clk 00:26:55]} {[%emt 00:12:34]} 25. Rxc6 {[%clk 00:29:56]} {[%emt
00:00:55]} Nxc6 {[%clk 00:27:19]} {[%emt 00:00:06]} 26. Qxa6 {[%clk 00:29:14]}
{[%emt 00:01:13]} Bc8 {[%clk 00:27:20]} {[%emt 00:00:29]} 27. Qa4 {[%clk
00:29:29]} {[%emt 00:00:13]} Rxb2 {[%clk 00:27:26]} {[%emt 00:00:25]} 28. Ne5
{[%clk 00:17:17]} {[%emt 00:12:41]} Nxe5 {[%clk 00:19:05]} {[%emt 00:08:53]}
29. Qe8+ {[%clk 00:09:21]} {[%emt 00:08:25]} Kh7 {[%clk 00:18:19]} {[%emt
00:01:16]} 30. dxe5 {[%clk 00:09:17]} {[%emt 00:00:34]} Qe6 {[%clk 00:15:43]}
{[%emt 00:03:07]} 31. Qh5 {[%clk 00:07:20]} {[%emt 00:02:27]} Kg7 {[%clk
00:14:44]} {[%emt 00:01:28]} 32. h4 {[%clk 00:04:01]} {[%emt 00:03:50]} g4
{[%clk 00:14:04]} {[%emt 00:01:09]} 33. Rc1 {[%clk 00:03:55]} {[%emt 00:00:36]}
Rb3 {[%clk 00:09:42]} {[%emt 00:04:52]} 34. Rxc8 {[%clk 00:01:43]} {[%emt
00:02:42]} Qxc8 {[%clk 00:07:49]} {[%emt 00:02:24]} 35. Qxf5 {[%clk 00:01:36]}
{[%emt 00:00:36]} Qxf5 {[%clk 00:07:07]} {[%emt 00:01:12]} 36. Bxf5 {[%clk
00:02:05]} {[%emt 00:00:01]} Rxa3 {[%clk 00:07:18]} {[%emt 00:00:19]} 37. Bxg4
{[%clk 00:02:16]} {[%emt 00:00:19]} d4 {[%clk 00:07:04]} {[%emt 00:00:44]} 38.
f4 {[%clk 00:02:20]} {[%emt 00:00:27]} d3 {[%clk 00:06:33]} {[%emt 00:01:01]}
39. Kf2 {[%clk 00:01:50]} {[%emt 00:01:00]} Ra2+ {[%clk 00:06:22]} {[%emt
00:00:40]} 40. Kf3 {[%clk 00:00:44]} {[%emt 00:01:37]} d2 {[%clk 00:02:18]}
{[%emt 00:04:33]} 41. Ke3 {[%clk 00:28:37]} {[%emt 00:02:38]} Kf8 {[%clk
00:26:17]} {[%emt 00:06:31]} 42. Bd1 {[%clk 00:24:20]} {[%emt 00:04:45]} Ke7
{[%clk 00:23:52]} {[%emt 00:02:57]} 43. g4 {[%clk 00:16:05]} {[%emt 00:08:46]}
Rb2 {[%clk 00:22:21]} {[%emt 00:02:02]} 44. g5 {[%clk 00:12:29]} {[%emt
00:04:05]} hxg5 {[%clk 00:21:10]} {[%emt 00:01:41]} 45. hxg5 {[%clk 00:12:54]}
{[%emt 00:00:06]} Kf8 {[%clk 00:18:20]} {[%emt 00:03:20]} 46. Kd3 {[%clk
00:08:00]} {[%emt 00:05:23]} Rb4 {[%clk 00:17:12]} {[%emt 00:01:39]} 47. f5
{[%clk 00:06:57]} {[%emt 00:01:34]} Rb5 {[%clk 00:17:34]} {[%emt 00:00:07]} 48.
Kxd2 {[%clk 00:06:31]} {[%emt 00:00:57]} Rxe5 {[%clk 00:17:57]} {[%emt
00:00:07]} 49. Bc2 {[%clk 00:06:32]} {[%emt 00:00:27]} *